00449nam a2200109Ia 4500008004100000100003500041245012200076260004800198300001100246650001400257856006800271160712s9999 xx 000 0 und d aDefeo-Baquial, Charo Marie V.  cCharo Marie V. Defeo-BaquialaEnhancing Artistic Skills of Gifted Preschoolers through Discipline-Based Art Education c2011bAlipato: A Journal of Basic Education avol. 5 xEDUCATION uhttp://journals.upd.edu.ph/index.php/ali/article/view/2693/2523